000 00416nam a2200157 a 4500
005 20140310183253.0
008 041022s19uu xx 00 eng d
050 _aRB 37
_b.P735 2005
245 _aProfessional guide to diagnostic tests/.
300 _a11106 p. :
_bill. ;
_c23 cm.
521 _aNUR
650 _aDiagnosis, Laboratory.
650 _aHematologic Tests.
942 _cBK
_2lcc
_kFOR
999 _c20813
_d20813